000
00380nam a2200169Ia 4500
001
19347
003
GE_BSU
008
181216s||||||||xx |||||||||||||| ||und||
040
_c
GE_BSU
245
_a
Le Point №2303. 27octobre.2016.
260
_a
Paris
260
_c
2016
300
_a
100p;ill;27cm
653
_a
Le Point
653
_a
პერიოდიკა
942
_c
CR
999
_c
52331
_d
52331